Music Quiz

Random Music Quiz
Score 0/295 Timer 10:00
0 Plays Today
% Correct
to
100%
with
100%
a
100%
made
100%
up
100%
name
100%
in
100%
the
100%
angel
100%
city
100%
fortune
100%
and
100%
fame
100%
and
100%
the
100%
a
100%
in
100%
a
100%
name
100%
up
100%
in
100%
in
100%
the
100%
and
100%
the
100%
the
100%
the
100%
and
100%
and
100%
in
100%
the
100%
and
100%
up
100%
the
100%
and
100%
and
100%
the
100%
up
100%
to
100%
name
100%
up
100%
in
100%
a
100%
up
100%
and
100%
the
100%
the
100%
and
100%
and
100%
the
100%
a
100%
the
100%
and
100%
name
100%
up
100%
in
100%
the
100%
the
100%
the
100%
the
100%
the
100%
and
100%
the
100%
new
97.4%
town
97.4%
it
97.4%
it
97.4%
it
97.4%
it
97.4%
it
97.4%
it
97.4%
it
97.4%
you
94.7%
you
94.7%
you
94.7%
lights
94.7%
tell
94.7%
you
94.7%
now
94.7%
you're
94.7%
lucky
94.7%
one
94.7%
tell
94.7%
you
94.7%
now
94.7%
you're
94.7%
lucky
94.7%
one
94.7%
you
94.7%
tell
94.7%
now
94.7%
you're
94.7%
lucky
94.7%
one
94.7%
now
94.7%
you're
94.7%
you
94.7%
your
94.7%
on
94.7%
% Correct
they
94.7%
tell
94.7%
you
94.7%
you're
94.7%
lucky
94.7%
you're
94.7%
you
94.7%
you
94.7%
your
94.7%
lights
94.7%
you
94.7%
they
94.7%
tell
94.7%
you
94.7%
you
94.7%
your
94.7%
they
94.7%
you
94.7%
now
94.7%
now
94.7%
lights
94.7%
you
94.7%
tell
94.7%
you
94.7%
now
94.7%
you're
94.7%
lucky
94.7%
one
94.7%
tell
94.7%
you
94.7%
now
94.7%
you're
94.7%
lucky
94.7%
one
94.7%
tell
94.7%
you
94.7%
now
94.7%
you're
94.7%
lucky
94.7%
one
94.7%
tell
94.7%
you
94.7%
now
94.7%
you're
94.7%
lucky
94.7%
one
94.7%
tell
94.7%
you
94.7%
now
94.7%
you're
94.7%
lucky
94.7%
one
94.7%
tell
94.7%
you
94.7%
now
94.7%
you're
94.7%
lucky
94.7%
one
94.7%
chasing
92.1%
make
92.1%
look
92.1%
like
92.1%
had
92.1%
so
92.1%
look
92.1%
like
92.1%
goes
92.1%
like
92.1%
they'll
92.1%
they'll
92.1%
but
92.1%
can
92.1%
me
92.1%
but
92.1%
so
92.1%
goes
92.1%
make
92.1%
but
92.1%
but
92.1%
me
92.1%
me
92.1%
me
92.1%
they'll
92.1%
they'll
92.1%
they'll
92.1%
figured
89.5%
out
89.5%
since
89.5%
school
89.5%
everybody
89.5%
loves
89.5%
pretty
89.5%
everybody
89.5%
loves
89.5%
cool
89.5%
diamonds
89.5%
sky
89.5%
yeah
89.5%
pretty
89.5%
% Correct
out
89.5%
i
89.5%
out
89.5%
i
89.5%
i
89.5%
yeah
89.5%
yeah
89.5%
camera
86.8%
dream
86.8%
were
86.8%
that
86.8%
over
86.8%
my
86.8%
is
86.8%
flashes
84.2%
overnight
84.2%
60s
84.2%
queen
84.2%
it's
84.2%
cause
84.2%
all
84.2%
got
84.2%
cause
84.2%
got
84.2%
confused
81.6%
don't
81.6%
feel
81.6%
just
81.6%
feel
81.6%
used
81.6%
place
81.6%
if
81.6%
of
81.6%
how
81.6%
how
81.6%
took
81.6%
of
81.6%
rose
81.6%
garden
81.6%
took
81.6%
understand
81.6%
think
81.6%
right
81.6%
oh
81.6%
oh
81.6%
oh
81.6%
oh
81.6%
know
78.9%
news
78.9%
page
78.9%
young
78.9%
things
78.9%
take
78.9%
alive
78.9%
still
78.9%
disappeared
78.9%
money
78.9%
hell
78.9%
say
78.9%
madison
78.9%
cars
76.3%
secrets
76.3%
front
76.3%
line
76.3%
wonder
76.3%
you'll
76.3%
few
76.3%
years
76.3%
later
76.3%
dignity
76.3%
chose
76.3%
another
73.7%
black
73.7%
doesn't
73.7%
even
73.7%
splashed
73.7%
another
73.7%
was
73.7%
showed
73.7%
here
73.7%
bought
73.7%
bunch
73.7%
land
73.7%
somewhere
73.7%
big
71.1%
lover
71.1%
end
71.1%
legend
71.1%
views
68.4%
riviera
65.8%
foyer
65.8%
sometime
65.8%
let
63.2%
let
63.2%
let
63.2%
sqaure
10.5%
5.3%
Come Together.
Have Fun.
All Virtual.
We all need to come together. Play Sporcle's virtual live trivia to have fun, connect with people, and get your trivia on. Join a live hosted trivia game for your favorite pub trivia experience done virtually. If a virtual private party is more your thing, go here for details.

You're not logged in!

Compare scores with friends on all Sporcle quizzes.
OR
Log In

Sporcle TV

Today on Sporcle TV


Watch our educational content, quiz creation guides, and fun videos on Sporcle TV.

Show Comments

Extras

Created Feb 13, 2020ReportNominate
Tags:Lucky

Top Quizzes Today


Score Distribution

Paid Content

Your Account Isn't Verified!

In order to create a playlist on Sporcle, you need to verify the email address you used during registration. Go to your Sporcle Settings to finish the process.

Report this User

Report this user for behavior that violates our Community Guidelines.

Details: